000 00765nam a2200241 i 4500
001 000032130
003 DO-SdBNP
005 20230915092436.0
007 ta
008 110712s19? mx 000 0 spa d
040 _aDO-SdBNP
_bspa
_cBNPHU
_erda
082 _bG943
_222
100 _aMolina Sena, Cristina
_eautor
_984142
245 1 3 _aGuía metodologica de educación intelectual /
_cCristina Molina Sena ; ilustraciones Carlos Mario Grullón
264 _aSanto Domingo
_bUNICEF ,
_c[fecha no identificada]
300 _a165 paginas. :
_bilustraciones
_c24 cm.
336 _2rdacontent
_atexto
_btxt
337 _2rdamedia
_asin mediación
_bn
338 _2rdacarrier
_avolumen
_bnc
590 _aInventariado, 2023 / DG
910 _aDG
942 _2ddc
_cLBS1
999 _c54768
_d54768